Top 10 des pays : dont la terre est < 5m (% de la superficie totale) - Statistiques

Statistiques générales
  • Ce quiz a été pris 68 fois
  • Le résultat moyen est 5 sur 10
Statistiques - réponses
En % par rapport à superficie totale du territoire Pays % Correct
99 Maldives
56%
52 Pays-Bas
56%
67 Kiribati
52%
21 Monaco
52%
99 Tuvalu
52%
26 Seychelles
50%
20 Micronesie
47%
81 Îles Marshall
44%
69 Bahamas
31%
33 Bahreïn
19%
Aucun quiz correspondant
Distribution des résultats
% des personnes avec chaque résultat
Percentile par nombre de réponses
Votre historique - résultats
Vous n’avez pas pris ce quiz